| 000 | 00511nam a2200193 a 4500 | ||
|---|---|---|---|
| 001 | 3280 | ||
| 005 | 20140414131907.0 | ||
| 008 | 060215s19uu xx 00 eng d | ||
| 020 | _a0-17-401154-7 | ||
| 050 |
_aER _bB49 1994 |
||
| 100 | _aWragg, Ted | ||
| 245 |
_aBilly and the bees / _cTed Wragg, Val Biro. |
||
| 260 |
_aCanada : _bTomas Nelson and Sons, _c1994. |
||
| 300 | _a16 p. : ill. ; cm. | ||
| 440 | _aFlying Boot | ||
| 650 |
_aBees _xFiction. |
||
| 650 |
_aIce creams _xFiction. |
||
| 999 |
_c111018 _d111018 |
||